| 000 | 00426nam a2200109Ia 4500 | ||
|---|---|---|---|
| 008 | 171204s9999 xx 000 0 und d | ||
| 245 | _aCompeting with High Quality Data: Concepts, Tools, and Techniques for Building a Successful Approach to Data Quality | ||
| 245 | _cRajesh Jugulum | ||
| 260 | _c2014 | ||
| 650 | _xTotal Quality Management | ||
| 856 | _uhttp://down.ebook777.com/015/Competing%20with%20High%20Quality%20Data.pdf | ||
| 999 |
_c346706 _d346706 |
||